00828nam a2200289Ia 4500008004000000020001500040041000800055082001600063100001900079245006400098260003700162300001200199650000800211650001100219650000700230650001100237650000800248650001700256650001300273650001200286650000900298690001800307700002200325906001100347999001900358952016100377210210b2009 xxu||||| |||| 00| 0 eng d a8131601919 aeng a305.42 DASG aDAS (Bhaswati) aGender issues in development: concerns for the 21st century aJaipurbRawat Publicationsc2009 avii,318 athe aissues ain aGender afor adevelopment: aconcerns acentury a21st aWomen Studies aKHAWAS (Vimal) Ed a071349 c120679d120679 00102ddc40708Human RightsaALbALd2021-02-17eBiblios Book Point, Surathkal-575014g750.00l0o305.42 DASGp071349r2021-02-17 00:00:00w2021-02-17yBK